Générique Marcelino - Paroles - Statistiques

Statistiques générales
  • Ce quiz a été pris 266 fois
  • Le résultat moyen est 10 sur 15
Statistiques - réponses
Paroles % Correct
Son nom est {Marcelino} pan y vino
96%
Amour laissé par sa {mère}
95%
Il parle avec les {animaux}
95%
Il parle avec les {animaux}
95%
Son nom est {Marcelino} pan y vino
95%
Son souhait est de retrouver sa {maman}
92%
Son souhait est de retrouver sa {maman}
92%
Aux portes d'un {monastère}
88%
Un petit {enfant} nait
84%
Une nuit de mille {lunes}
62%
La vie son amie {Candella}
29%
Espiègle et {téméraire} rien l'arrête
28%
Et plein d'{espoirs}
28%
C'est un conte {magnifique}
23%
Son {oncle} le protégera
17%
Aucun quiz correspondant
Distribution des résultats
% des personnes avec chaque résultat
Percentile par nombre de réponses
Votre historique - résultats
Vous n’avez pas pris ce quiz